000 01597cam a22004694i 4500
003 PE-LiUPU
005 20250731184605.0
008 150616s r 000 0 d
035 _a(Sirsi) a5971
040 _aPE-LiUPU
_bspa
_cPE-LiUPU
_erda
049 _aPRUA
082 0 4 _a985.0091
_bP78
_221
100 1 _aPorras Barrenechea, Raúl,
_eautor.
245 1 4 _aLos Cronistas del Perú (1528 - 1650) y Otros Ensayos /
_cRaúl Porras Barrenechea.
264 1 _aLima :
_bEditorial e Imprenta DESA,
_c1986.
300 _a964 páginas :
_bIlustraciones (laminas, fotos) ;
_c24 cm.
336 _atext
_2rdacontent
337 _aunmediated
_2rdamedia
338 _avolume
_2rdacarrier
490 0 _aBiblioteca Peruana ;
_v2
505 0 _aLos cronistas del Perú (1528 - 1650).- Otros ensayos sobre cronistas del Perú.
526 _aP136
526 _aP135
526 _aP134
526 _aP133
526 _aP144
526 _aP143
526 _aP87
526 _aP35
526 _aP20
526 _aP14
526 _aP10
526 _aP06
651 _aPerú
_xHistoria
_vCrónicas.
910 _ajck
_bjvq
_cjck
942 _2ddc
_cBOOK
949 _a985.0091 P78
_wDEWEY
_c1
_i30892
_lCCODEBUL1
_mBUL
_p00.00
_r0
_sY
_tBOOK
_u19950925
_xEDUCACION
_PP20
_0COMPRA
_o.STAFF. Colección General
994 _aC0
_bPEPRU
596 _a1
999 _a985.0091 P78
_wDEWEY
_c57054
_i30892
_d57054
_f2021-11-8
_g5
_lCCODEBUL1
_mBUL
_q1
_r0
_sY
_tBOOK
_u2015-6-16
_xBIBLIOTECA
_PP20
_0COMPRA
_o.STAFF. Colección General
980 _81
_gALBERTO SANCHEZ Responsable de Automatización